Statistics for Satellite Images Of U.S. Cities Level 1

Click here to take the quiz!

General Stats

  • This quiz has been taken 425 times
  • The average score is 15 of 20

Answer Stats

Answer% Correct
Chicago
94%
Los Angeles
86%
Boston
85%
New York City
85%
San Francisco
85%
Phoenix
83%
Miami
82%
Seattle
81%
Salt Lake City
80%
Detroit & Windsor, Ontario
75%
Houston
73%
Tampa / St. Petersburg
72%
New Orleans
70%
Baltimore
67%
Las Vegas
66%
Honolulu
65%
Denver
60%
Washington, D.C.
58%
Dallas / Fort Worth
51%
Philadelphia
51%

Score Distribution

Percentile by Number Answered

Percent of People with Each Score

Your Score History

You have not taken this quiz